|
|
|
|
| LEADER |
00602nam a2200169Ia 4500 |
| 008 |
101204s9999 xx 000 0 eng d |
| 020 |
|
|
|a 0852642326
|
| 100 |
|
|
|a Kendall, Maurice
|
| 245 |
|
|
|a Studies in the History of Statistics and Probability
|
| 250 |
|
|
|a 1st ed.
|
| 260 |
|
|
|b Charles Griffin & Co
|a London
|c 1977
|
| 300 |
|
|
|a 582
|
| 650 |
|
|
|a Probability and Statistics
|
| 700 |
|
|
|a Kendall, Maurice & Plackett, R L
|
| 942 |
|
|
|c BK
|
| 999 |
|
|
|c 187719
|d 187719
|
| 952 |
|
|
|0 0
|1 0
|4 0
|6 516_000000000000000_KEN_S
|7 0
|9 207023
|a STA
|b STA
|c ST1
|d 2010-12-04
|i 249
|l 1
|o 516 KEN/S
|p STA249
|r 2017-11-06
|s 2017-11-02
|w 2010-12-04
|y BK
|